000 00650cam a2200217 4500500
005 20260405000558.0
041 _afre
042 _adc
100 1 0 _ade Tilly, Marine
_eauthor
245 0 0 _aVie publique, vie privée : où sont les limites ?
260 _c2008.
500 _a64
690 _aIndividualité
690 _aIntimité
690 _aPipolisation
690 _aPolitique
690 _aVie privée
690 _aVie publique
786 0 _nPhilosophie magazine | 19 | 5 | 2008-05-01 | p. 17-17 | 1951-1787
856 4 1 _uhttps://shs.cairn.info/magazine-philosophie-magazine-2008-5-page-17?lang=fr&redirect-ssocas=7080
999 _c2038588
_d2038588